Instructor's Manual to Accompany Samuelson: Economics

Uložené v:
Podrobná bibliografia
Hlavný autor: Samuelson, Paul A.
Médium: Kniha
Jazyk:English
Vydavateľské údaje: New York MacGraw-Hill Book Comp. 1980
Vydanie:11. ed.
Tagy: Pridať tag
Žiadne tagy, Buďte prvý, kto otaguje tento záznam!

MARC

LEADER 00000nam a2200000 4500
001 c023933
005 20221220101936.8
041 0 |a eng 
044 |a US 
245 1 0 |a Instructor's Manual to Accompany Samuelson: Economics  |c Paul A. Samuelson 
250 |a 11. ed. 
264 1 |a New York  |b MacGraw-Hill Book Comp.  |c 1980 
300 |a 468 s. 
100 1 |a Samuelson, Paul A.